000 00575nam a22001697a 4500
003 OSt
005 20260309110900.0
008 260309b |||||||| |||| 00| 0 eng d
040 _cMRSPTU
041 _aENG
100 _aSukriti , Supervisor: Dr. Sanjiv Aggarwal
245 _aHydrological Design of Rain Water Harvesting System of Girl's Hostel No.2, GZS College PTU Bathinda Campus
260 _bDepartment of Civil Engg. MRSPTU, Bathinda
_c2014
650 _aCivil Engineering
856 _uhttp://163.47.215.52:8080/jspui/handle/123456789/1164
942 _2ddc
_cTH
_n0
999 _c11093
_d11093